Wird geladen...
History of India:part, l ancient India /
| 1. Verfasser: | |
|---|---|
| Format: | Printed Book |
| Sprache: | English |
| Veröffentlicht: |
Chennai :
S.Viswanathan ,
1963.
|
| LEADER | 00571cam a2200181ua 4500 | ||
|---|---|---|---|
| 020 | |c 7.50 | ||
| 041 | |a eng | ||
| 082 | |a 954.01 |b NIL/HI | ||
| 100 | |a Neelakantasastri, K A . | ||
| 245 | |a History of India:part, l ancient India / |c K A Neelakantasastri. |h Textual Documents | ||
| 260 | |a Chennai : |b S.Viswanathan , |c 1963. | ||
| 300 | |a 362 ; . | ||
| 365 | |a 7.50 | ||
| 504 | |||
| 541 | |e 7425 |h 7.50 | ||
| 942 | |c BK | ||
| 999 | |c 31595 |d 31595 | ||
| 952 | |0 0 |1 0 |4 0 |6 954_010000000000000 |7 0 |9 41762 |a KAUAET |b KAUAET |d 2012-04-07 |m 0 |o 954.01 |p KAU_KCAET-7425 |r 2012-04-07 |w 2012-04-07 |y BK | ||